The Angry river / (Record no. 60383)

MARC details
000 -LEADER
fixed length control field 01019nam a22002297a 4500
005 - DATE AND TIME OF LATEST TRANSACTION
control field 20120105144717.0
010 ## - LCCN (DPL NO)
LC control number B-470228-229
020 ## - INTERNATIONAL STANDARD BOOK NUMBER
International Standard Book Number 9788171675128
Terms of availability 70.00
035 ## - SYSTEM CONTROL NUMBER
System control number B-470228-229
037 ## - SOURCE OF ACQUISITION
Source of stock number/acquisition Blue Berry/Ven
082 ## - DEWEY DECIMAL CLASSIFICATION NUMBER
Classification number S
100 ## - MAIN ENTRY--PERSONAL NAME
Personal name Bond, Ruskin
245 ## - TITLE STATEMENT
Title The Angry river /
Statement of responsibility, etc by Ruskin Bond; illustrated by Trevor Stubley
260 ## - PUBLICATION, DISTRIBUTION, ETC. (IMPRINT)
Place of publication, distribution, etc New Delhi
Name of publisher, distributor, etc Rupa Publications
Date of publication, distribution, etc 2011
270 ## - ADDRESS
Address 7/16, Ansari Road, Daryaganj
City New Delhi
Postal code 110002
300 ## - PHYSICAL DESCRIPTION
Extent 87p.
Other physical details ill.
Dimensions 18cm(pbk)
700 ## - ADDED ENTRY--PERSONAL NAME
Personal name Stubley, Trevor
9 (RLIN) 38383
942 ## - ADDED ENTRY ELEMENTS (KOHA)
Source of classification or shelving scheme Dewey Decimal Classification
Item type Children Books
Call number suffix BON
Classification part S
Holdings
Withdrawn status Lost status Not for loan Collection code Home library Current library Date acquired Source of acquisition Cost, normal purchase price Full call number Barcode Copy number Cost, replacement price Koha item type
      Fiction Sarojini Nagar Sarojini Nagar 12/12/2012 Blue Berry/IN8225/24.03.2012/43/20.03/2012/29.03.2012 70.00 S BON B-470228 1 70.00 Children Books
      Fiction Vinoba Puri Vinoba Puri 12/12/2012 Blue Berry/IN8225/24.03.2012/43/20.03/2012/29.03.2012 70.00 S BON B-470229 1 70.00 Children Books

© Delhi Public Library
Hit Counter
free hit counter